Pro C# 5.0 and the .NET 4.5 framework (Record no. 11828)

000 -LEADER
fixed length control field 00402nam a22001577a 4500
020 ## - INTERNATIONAL STANDARD BOOK NUMBER
International Standard Book Number 9788132209652
082 ## - DEWEY DECIMAL CLASSIFICATION NUMBER
Classification number 005.133 TRO
100 ## - MAIN ENTRY--PERSONAL NAME
Personal name Troelsen, Andrew W.
245 ## - TITLE STATEMENT
Title Pro C# 5.0 and the .NET 4.5 framework
250 ## - EDITION STATEMENT
Edition statement 6th ed.
260 ## - PUBLICATION, DISTRIBUTION, ETC.
Place of publication, distribution, etc. New Delhi
Name of publisher, distributor, etc. Apress
Date of publication, distribution, etc. 2012
300 ## - PHYSICAL DESCRIPTION
Extent ivi, 1487p. :
Accompanying material 26 cm
650 ## - SUBJECT ADDED ENTRY--TOPICAL TERM
Topical term or geographic name entry element Computer Programe Language
700 ## - ADDED ENTRY--PERSONAL NAME
Personal name Andrew W.Troelsen
942 ## - ADDED ENTRY ELEMENTS (KOHA)
Koha item type Book
Holdings
Withdrawn status Lost status Damaged status Not for loan Collection code Permanent Location Current Location Shelving location Date acquired Source of acquisition Cost, normal purchase price Total Checkouts Full call number Barcode Date last seen Date last checked out Price effective from Koha item type
          Central Library (CL) Central Library (CL) First Floor - Software Engineering/ Programming Language 04/22/2013 Allied Book Company 1229.82 5 005.133 TRO SEECS012286 08/30/2015 06/15/2015 04/24/2013 Book
© 2023 Central Library, National University of Sciences and Technology. All Rights Reserved.